Practical Manual on Soil Testing/ (Record no. 51643)

MARC details
000 -LEADER
fixed length control field 00547nam a22001817a 4500
003 - CONTROL NUMBER IDENTIFIER
control field OSt
008 - FIXED-LENGTH DATA ELEMENTS--GENERAL INFORMATION
fixed length control field 260606b |||||||| |||| 00| 0 eng d
020 ## - INTERNATIONAL STANDARD BOOK NUMBER
International Standard Book Number 9789394023031
082 ## - DEWEY DECIMAL CLASSIFICATION NUMBER
Classification number 631.410284
Item number A11P
245 ## - TITLE STATEMENT
Title Practical Manual on Soil Testing/
Remainder of title by Priyadarshani A...[et al.]
260 ## - PUBLICATION, DISTRIBUTION, ETC. (IMPRINT)
Place of publication, distribution, etc Delhi:
Name of publisher, distributor, etc International Books & Periodicals Supply Service;
Date of publication, distribution, etc 2023.
300 ## - PHYSICAL DESCRIPTION
Extent xi, 98 p.
650 ## - SUBJECT ADDED ENTRY--TOPICAL TERM
Topical term or geographic name as entry element Agriculture and related technologies
650 ## - SUBJECT ADDED ENTRY--TOPICAL TERM
Topical term or geographic name as entry element Soil science
650 ## - SUBJECT ADDED ENTRY--TOPICAL TERM
Topical term or geographic name as entry element Soil chemistry
700 ## - ADDED ENTRY--PERSONAL NAME
Personal name A, Priyadarshani
942 ## - ADDED ENTRY ELEMENTS (KOHA)
Source of classification or shelving scheme
Koha item type Books
Holdings
Withdrawn status Lost status Source of classification or shelving scheme Damaged status Not for loan Home library Current library Shelving location Date acquired Source of acquisition Cost, normal purchase price Total Checkouts Full call number Barcode Date last seen Bill Date Koha item type Bill Number
          Dr. Rajendra Prasad Central Agricultural University Pusa, Dr. Rajendra Prasad Central Agricultural University Pusa, General Stacks 06/06/2026 Delight Book Agency 550.00   631.410284 A11P 87391 06/06/2026 29/01/2026 Books Bill No. DBS/0262025-2026
          Dr. Rajendra Prasad Central Agricultural University Pusa, Dr. Rajendra Prasad Central Agricultural University Pusa, General Stacks 06/06/2026 Delight Book Agency 550.00   631.410284 A11P 87392 06/06/2026 29/01/2026 Books Bill No. DBS/0262025-2026
          Dr. Rajendra Prasad Central Agricultural University Pusa, Dr. Rajendra Prasad Central Agricultural University Pusa, General Stacks 06/06/2026 Delight Book Agency 550.00   631.410284 A11P 87393 06/06/2026 29/01/2026 Books Bill No. DBS/0262025-2026
          Dr. Rajendra Prasad Central Agricultural University Pusa, Dr. Rajendra Prasad Central Agricultural University Pusa, General Stacks 06/06/2026 Delight Book Agency 550.00   631.410284 A11P 87394 06/06/2026 29/01/2026 Books Bill No. DBS/0262025-2026
Hosted, Implemented, Customized & Maintained by: BestBookBuddies

Powered by Koha